logo

Bir Sreshtho Munshi Abdur Rouf Library
Jhenaidah Cadet College

চার অধ্যায় / (Record no. 2987)

MARC details
000 -LEADER
fixed length control field 00721nam a2200229 a 4500
001 - CONTROL NUMBER
JCCL Control Number 2987
003 - CONTROL NUMBER IDENTIFIER
JCCL marc code BD-JhCC
005 - DATE AND TIME OF LATEST TRANSACTION
control field 20171113200458.0
008 - FIXED-LENGTH DATA ELEMENTS--GENERAL INFORMATION
fixed length control field 171108s bg |||| ||a| 00| 0 en d
035 ## - SYSTEM CONTROL NUMBER
system control number (BD-JhCC)2987
040 ## - CATALOGING SOURCE
Original cataloging agency BD-JhCC
Modifying agency BD-JhCC
041 ## - LANGUAGE CODE
Language code of Book eng
082 ## - DEWEY DECIMAL CLASSIFICATION NUMBER
Classification number 891.443
Author mark and Year ROB
100 ## - MAIN ENTRY--PERSONAL NAME
Personal name ঠাকুর, রবীন্দ্রনাথ
245 ## - TITLE STATEMENT
Title চার অধ্যায় /
Statement of responsibility, etc রবীন্দ্রনাথ ঠাকুর; বদিউর রহমান (সম্পা.)
260 ## - PUBLICATION, DISTRIBUTION, ETC. (IMPRINT)
Place of publication, distribution, etc বরিশাল :
Name of publisher, distributor, etc মনিষা,
300 ## - PHYSICAL DESCRIPTION
Pagination 85 p. :
Dimensions 20 cm.
650 ## - SUBJECT ADDED ENTRY--TOPICAL TERM
Topical term or geographic name as entry element Bengali Novel
700 ## - ADDED ENTRY--PERSONAL NAME
Personal name রহমান, বদিউর
942 ## - ADDED ENTRY ELEMENTS (KOHA)
Source of classification or shelving scheme Dewey Decimal Classification
Koha item type Books
Holdings
Source of classification or shelving scheme Damaged status Not for loan Home library Current library Shelving location Date of accession Cost, normal purchase price Total Checkouts Full call number Barcode Date last seen Copy number Koha item type
Dewey Decimal Classification     JCC Rouf Library JCC Rouf Library General Stacks 11/08/2017 5.00   891.443 ROB 4903 11/08/2017 C-1 Books

JCC Library | Contacts | JCC Home

Last Update on 23 September 2017
Copyright @ 2017-2020 JCC Rouf Library
Rouf Library, Jhenidah Cadet College (JCC), Bangladesh